[Event "Pau op"]
[Site "Pau"]
[Date "2007.11.??"]
[Round "3"]
[White "Bissieres, Mathieu"]
[Black "Alarcon, Eric"]
[Result "1/2-1/2"]
[WhiteElo "2254"]
[BlackElo "1959"]
[PlyCount "39"]
[EventDate "2007.11.??"]
[EventType "swiss"]
[EventRounds "5"]
[EventCountry "FRA"]
[SourceTitle "CBM 121 Extra"]
[Source "ChessBase"]
[SourceDate "2008.01.10"]
[SourceVersion "1"]
[SourceVersionDate "2008.01.10"]
[SourceQuality "1"]

1. e4 c5 2. Nf3 Nc6 3. Nc3 Nf6 4. d4 cxd4 5. Nxd4 e5 6. Ndb5 d6 7. Bg5 a6 8. Na3 b5 9. Nd5 Be7 10. Bxf6 Bxf6 11. c4 b4 12. Nc2 a5 13. Be2 0-0 14. 0-0 Bg5 15. Bg4 Be6 16. b3 Bh6 17. Nde3 g6 18. Qf3 Bxe3 19. Nxe3 Nd4 20. Qd1 1/2-1/2